000 00728nam a2200205Ii 4500
003 JO-AjNU
008 230605s9999||||xx |||||||||||||| ||und||
017 _a2003/7/1459
040 _aJO-AjNU
_bara
_erda
_cJO-AjNU
041 _aara
050 1 4 _aPJ6074.K39 2003
100 3 _aتاليف الكواملة ،عبد الفتاح؛ اعداد زياد أبو لبن,
_eauthor
_949470
245 0 0 _aبين يدي النجديات
264 3 1 _aعمان: المحقق،2003
300 _a128ص
336 _atext
_btxt
_2rdacontent
337 _aunmediated
_bn
_2rdamedia
338 _avolume
_bnc
_2rdacarrier
650 4 _aالتربية-أساليب تدريس-اللغة العربية-النظرية التربوية
_949471
999 _aA21730
_c25298
_d25298